000 00467nam a2200181Ia 4500
003 GCL
008 140319s9999 xx 000 0 eng d
040 _aGCL /
_cGCL
082 0 4 _a930.1
_bF A
100 1 _aFAGAN, BRIAN M.
245 1 0 _aARCHAEOLOGY: A BRIEF INTRODUCTION /
_cFAGAN, BRIAN M.
260 _a[S.N] :
_bLONGMAN ،
_c1996
300 _a278 P
650 0 4 _aANTHROPOLOGICAL ARCHAEOLOGY
650 0 4 _aHISTORY
650 0 4 _aARCHAEOLOGY
942 _2ddc
_cBK
999 _c13217
_d13217